Szűzmáriás királyfi ; Zöld ág

Bibliographic Details
Main Author: Tamási, Áron, 1897-1966 (Author)
Format: Book
Language:Hungarian
PhysicalDescription:444 strán 20 cm
Published: Budapest Bratislava Szépirodalmi Könyvkiadó Madách Könyvkiadó 1989
ISBN:9631538419
8009000582
Subjects:

MARC

LEADER 00000cam a2200000 4500
001 vtls009240329
003 SK-MaSNL
005 20260301170728.0
008 220509s1989 hu gr 000 f hun
015 |a SNBA1989 
020 |a 9631538419  |q (viazané: Szépirodalmi Könyvkiadó, Budapest) 
020 |a 8009000582  |q (viazané: Madách Könyvkiadó, Bratislava) 
035 |a LVTK49019 
035 |a urn:nbn:sk:snk-am3j63j 
035 |a F314779B-D7D9-4AEA-9E3C-A2F2D607C554 
035 |a urn:nbn:sk:snk-am00gm9g 
040 |a SNK  |b slo  |c SNK  |e rda 
041 0 |a hun 
044 |a hu  |c HU  |a xo  |c SK 
072 7 |a 821.511.1  |x Ugrofínske literatúry  |2 konspekt 
080 |a 821.511.141  |2 2011 
080 |a (0:82-312.2)  |2 2011 
100 1 |a Tamási, Áron,  |d 1897-1966  |4 aut  |9 433231 
245 1 |a Szűzmáriás királyfi ; Zöld ág  |c Áron Tamási 
264 1 |a Budapest  |b Szépirodalmi Könyvkiadó  |a Bratislava  |b Madách Könyvkiadó  |c 1989 
300 |a 444 strán  |c 20 cm 
336 |a text  |b txt  |2 rdacontent 
337 |a bez média  |b n  |2 rdamedia 
338 |a zväzok  |b nc  |2 rdacarrier 
366 |e 700 kusov 
500 |a Dokument obsahuje 2 diela 
650 0 7 |a maďarská literatúra  |2 SNKPH  |9 1193 
650 0 7 |a Hungarian literature  |2 SNKPHeng  |9 266362 
655 7 |a náboženské romány  |2 SNKPH  |9 70636 
655 7 |a Religious novels  |2 SNKPHeng  |9 332795 
919 |a 963-15-3841-9 
919 |a 80-09-00058-2 
958 |a LX 
958 |a NT 
958 |a HU 
999 |c 828539  |d 830469 
952 |a SNK  |b SNK  |y PREZ  |7 0  |p 17A1417833  |o snkSC 190176  |i snk2020/16244  |8 7  |0 0  |1 0  |4 0  |d 2020-09-16  |f 1  |l 0  |r 2025-10-07 00:00:00  |w 2026-02-24